00996nam a2200217 a 4500003000200000005001700002008004100019050003400060100002800094245013700122260009400259300005300353504004300406650004800449650004400497650004000541650003200581942001400613999001700627952013400644020250412100313.0970101s19uu xx 00 eng d aPGS PN 1995.9.C45b.L473 2004 aLedesma, Denise Lora B. aThe movie preference of Grade six students of Southville International School and Colleges S. Y. 2003-2004.cDenise Lora B. Ledesma. aLas Piñas City, Philippines : bSouthville International School and Colleges, c2004. a20 pages : bcolored illustrations ; c28 cm.  aIncludes bibliographical references.  aMotion pictures and childrenvPreferences.  aMedia preferencesvElementary students. aChildrenvMedia consumption habits. aPopular culturevInfluence. 2lcccPASS c97011d97011 00102lcc40aLUXbLUXcPASSd2004-05-05eDONATIONl0oPGS PN 1995.9.C45 .L473 2004pP1026r2014-04-08 00:00:00w2014-04-08yPASS